000
00239nam a2200097Ia 4500
001
679676
005
20250826161100.0
008
250824s9999 xx 000 0 und d
245
0
_a
ODADA YALNIZ
_c
MİNE SOYSAL
260
_b
GÜNIŞIĞI YAYINLARI
999
_c
679676
_d
679676